Rzeczowniki na literę C - Statystyki

Ogólne statystyki
  • Ten quiz został rozwiązany 52 razy
  • Średni wynik to 26 z 60
Statystyki odpowiedzi
Odpowiedź % Poprawnych
czas
92%
czapka
82%
cebula
79%
cytryna
79%
czar
79%
cel
76%
cukier
63%
czajnik
61%
czapla
61%
cena
58%
chomik
58%
ciasto
58%
cyrk
58%
czosnek
58%
całus
55%
cegła
55%
cera
55%
ciało
55%
cud
55%
car
50%
chór
50%
córka
50%
cement
47%
ciastko
47%
cukierek
47%
chleb
45%
cykl
45%
czekolada
45%
czepek
45%
czyn
42%
centymetr
39%
ciocia
39%
cyrkiel
39%
czereśnia
39%
choroba
37%
chwast
37%
czujnik
37%
cesarz
34%
chmura
34%
ciecz
34%
cydr
34%
cyfra
34%
cynamon
34%
czerwień
34%
charakter
32%
czasownik
32%
czwartek
32%
chusta
29%
cień
29%
centrum
26%
choinka
26%
chrabąszcz
21%
cesarstwo
18%
ciecierzyca
18%
cytrus
16%
czynsz
8%
chaos
5%
chrześcijaństwo
5%
chilli
3%
cielęcina
3%
Nie znaleziono quizów pasujących do podanych kryteriów
Rozkład punktacji
Procent ludzi z każdym wynikiem
Percentyl według liczby udzielonych odpowiedzi
Twoja historia wyników
Nie rozwiązałeś tego quizu